000 00648cab a2200181 4500
001 L130990
008 050920n2005 000 0 eng u
035 _a(Sirsi) u130990
041 0 _aeng
100 1 _aRoberts, Gwyn
245 0 0 _aOn the slide
260 _c2005
490 0 _aProperty Week
_v70(37) 16 September 2005, 46-47(2)
520 _aLooks at the housebuilding market in the light of four major construction firms reporting disappointing interim results. Includes tables of interim results for several housebuilders.
590 _aIKA270905
690 _aPROPERTY-RESIDENTIAL PROPERTY-RESIDENTIAL PROPERTY DEVELOPMENT
942 _n0
999 _c75899
_d75899